[Event "World Rapid 2019"]
[Site "Moscow RUS"]
[Date "2019.12.28"]
[Round "13.57"]
[White "Postny, Evgeny"]
[Black "Abdusattorov, Nodirbek"]
[Result "1/2-1/2"]
[WhiteTitle "GM"]
[BlackTitle "GM"]
[WhiteElo "2605"]
[BlackElo "2635"]
[WhiteFideId "2804344"]
[BlackFideId "14204118"]
[EventDate "2019.12.26"]

1. d4 Nf6 2. c4 e6 3. Nf3 d5 4. g3 Be7 5. Bg2 O-O 6. Qc2 dxc4 7. Qxc4 b6 8. Ne5
Nd5 9. O-O Bb7 10. Nc3 c6 11. Re1 Qc8 12. e4 Nxc3 13. Qxc3 c5 14. Be3 cxd4 15.
Bxd4 Qxc3 16. Bxc3 Nc6 17. Nxc6 Bxc6 18. Rac1 Bb7 19. Red1 Rfd8 20. e5 Bxg2 21.
Kxg2 Kf8 22. f4 Ke8 23. Kf3 Rac8 24. Rxd8+ Bxd8 25. Rd1 Be7 26. Ke4 h5 27. h3 b5
28. Rd4 Bc5 29. Rd3 Bb6 30. Bd4 Bxd4 31. Kxd4 Rc2 32. Ra3 Rxb2 33. Kc5 g6 34.
Rxa7 b4 35. Kc4 Rg2 36. Kxb4 Rxg3 37. a4 Rxh3 38. a5 Rh1 39. a6 Kf8 40. Rc7 Ra1
41. Kb5 Kg7 42. Rc3 Kh6 43. Rh3 g5 44. fxg5+ Kxg5 45. Rf3 h4 46. Rxf7 h3 47. Rh7
Kg4 48. Kb6 Kg3 49. a7 h2 50. Kb7 Rb1+ 51. Kc7 Ra1 52. Kb7 Rb1+ 53. Kc6 Rc1+ 54.
Kb7 Rb1+ 1/2-1/2

[Event "World Rapid 2019"]
[Site "Moscow RUS"]
[Date "2019.12.28"]
[Round "13.58"]
[White "Drygalov, Sergey"]
[Black "Kovalev, Vladislav"]
[Result "0-1"]
[WhiteTitle "IM"]
[BlackTitle "GM"]
[WhiteElo "2473"]
[BlackElo "2662"]
[WhiteFideId "24171743"]
[BlackFideId "13504398"]
[EventDate "2019.12.26"]

1. d4 Nf6 2. Nf3 e6 3. c4 d5 4. Nc3 Be7 5. Bf4 O-O 6. a3 b6 7. e3 c5 8. cxd5
Nxd5 9. Nxd5 exd5 10. Bd3 c4 11. Bc2 Be6 12. O-O Nc6 13. e4 dxe4 14. Bxe4 Bd5
15. Re1 Re8 16. Qc2 g6 17. Rad1 Bf6 18. Ne5 Rc8 19. h3 b5 20. Qe2 Re6 21. Qf3
Ne7 22. Ng4 Bg7 23. Nh2 Rxe4 24. Rxe4 f5 25. Qg3 Bxe4 26. h4 Nd5 27. Be5 Nf6 28.
Qc3 Bd3 29. Nf3 Be2 30. Re1 Nd5 0-1

[Event "World Rapid 2019"]
[Site "Moscow RUS"]
[Date "2019.12.28"]
[Round "13.59"]
[White "Suleymanli, Aydin"]
[Black "Quparadze, Giga"]
[Result "0-1"]
[WhiteTitle "IM"]
[BlackTitle "GM"]
[WhiteElo "2473"]
[BlackElo "2462"]
[WhiteFideId "13413937"]
[BlackFideId "13602250"]
[EventDate "2019.12.26"]

1. d4 Nf6 2. c4 e6 3. Nc3 Bb4 4. e3 O-O 5. Ne2 Re8 6. a3 Bf8 7. e4 d6 8. Ng3
Nbd7 9. Be3 b6 10. Bd3 Bb7 11. O-O g6 12. Qd2 Ng4 13. h3 Nxe3 14. fxe3 Bg7 15.
Rf2 Rf8 16. Raf1 c5 17. Nce2 Qe7 18. Kh1 Qg5 19. Qc1 h5 20. Kg1 Rac8 21. Rf3 h4
22. Nh1 d5 23. exd5 exd5 24. Nf2 cxd4 25. exd4 Qxc1 26. Rxc1 dxc4 27. Be4 Bxe4
28. Nxe4 Rce8 29. N4c3 a6 30. Kf1 b5 31. Nd5 Re6 32. Rc2 Rd6 33. Nec3 Nf6 34.
Ne7+ Kh7 35. Rf4 g5 36. Nf5 Re6 37. Rff2 Rd8 38. Rce2 Nh5 39. Ne4 Kg6 40. Rf3
Bxd4 41. g4 hxg3 0-1

[Event "World Rapid 2019"]
[Site "Moscow RUS"]
[Date "2019.12.28"]
[Round "13.60"]
[White "Riazantsev, Alexander"]
[Black "Vishnu Prasanna, V"]
[Result "1-0"]
[WhiteTitle "GM"]
[BlackTitle "GM"]
[WhiteElo "2639"]
[BlackElo "2493"]
[WhiteFideId "4125029"]
[BlackFideId "5030692"]
[EventDate "2019.12.26"]

1. d4 Nf6 2. c4 g6 3. Nc3 Bg7 4. e4 d6 5. Be2 O-O 6. Be3 e5 7. d5 Na6 8. g4 Nc5
9. f3 h5 10. g5 Nh7 11. h4 f6 12. gxf6 Bxf6 13. Bf2 c6 14. Qd2 cxd5 15. Nxd5 Bg7
16. Be3 Nf6 17. O-O-O Nxd5 18. Qxd5+ Ne6 19. Nh3 Kh8 20. Qxd6 Qxd6 21. Rxd6 Nd4
22. Bxd4 exd4 23. Ng5 Bf6 24. Rg1 Kg7 25. f4 Rd8 26. Rxd8 Bxd8 27. Kd2 Bd7 28.
Bd3 Bg4 29. e5 Be7 30. Be4 Rf8 31. Rxg4 hxg4 32. Ne6+ Kh6 33. Nxf8 Bxf8 34. Bxb7
Kh5 35. Kd3 g3 36. Bf3+ Kxh4 37. Kxd4 g2 38. Bxg2 Kg3 39. c5 Kxf4 40. Kd5 1-0

[Event "World Rapid 2019"]
[Site "Moscow RUS"]
[Date "2019.12.28"]
[Round "13.61"]
[White "Murzin, Volodar"]
[Black "Belov, Vladimir"]
[Result "1-0"]
[WhiteTitle "IM"]
[BlackTitle "GM"]
[WhiteElo "2442"]
[BlackElo "2598"]
[WhiteFideId "44155573"]
[BlackFideId "4132394"]
[EventDate "2019.12.26"]

1. e4 c6 2. Nf3 d5 3. Nc3 Bg4 4. h3 Bxf3 5. Qxf3 Nf6 6. g3 e6 7. Bg2 g6 8. O-O
Bg7 9. d3 O-O 10. Qe2 dxe4 11. dxe4 e5 12. Be3 Nbd7 13. a4 a5 14. f4 Nh5 15. Qf2
exf4 16. gxf4 Bf6 17. Rfd1 Qe7 18. Rd2 Rfd8 19. Rad1 Bh4 20. Qf3 Nf8 21. Ne2
Rxd2 22. Rxd2 Rd8 23. Nd4 Ne6 24. Nf5 gxf5 25. Rxd8+ Qxd8 26. Qxh5 Ng7 27. Qe2
Bg3 28. exf5 h5 29. Be4 Qh4 30. Qd2 Qe7 31. Qd4 Ne8 32. Kg2 Nf6 33. Bf3 Bh4 34.
c3 Kh7 35. Bf2 Bxf2 36. Kxf2 Kh6 37. b4 axb4 38. cxb4 h4 39. b5 cxb5 40. axb5
Kg7 41. Bg2 Qa3 42. Bxb7 Qxh3 43. Bf3 Qh2+ 44. Kf1 Qh3+ 45. Ke2 Qxf5 46. b6 Qc2+
47. Kf1 h3 48. b7 Qb1+ 49. Ke2 Qc2+ 50. Qd2 Qc4+ 51. Kf2 Qb3 52. Qe3 Qb2+ 53.
Kg3 h2 54. Qe5 Qxe5 55. fxe5 Nd7 56. Kxh2 Kf8 57. Kg3 Ke7 58. Bd5 f6 59. e6 Nb8
60. Kf4 Na6 61. Kf5 Nb8 62. Be4 Na6 63. Bd3 1-0

[Event "World Rapid 2019"]
[Site "Moscow RUS"]
[Date "2019.12.28"]
[Round "13.62"]
[White "Zarubitski, Viachaslau"]
[Black "Timofeev, Artyom"]
[Result "0-1"]
[WhiteTitle "IM"]
[BlackTitle "GM"]
[WhiteElo "2451"]
[BlackElo "2588"]
[WhiteFideId "13509373"]
[BlackFideId "4140419"]
[EventDate "2019.12.26"]

1. e4 e5 2. Nf3 Nf6 3. Nxe5 d6 4. Nf3 Nxe4 5. d3 Nf6 6. d4 Be7 7. Bd3 O-O 8. h3
b6 9. O-O Bb7 10. Re1 Re8 11. Nc3 Bf8 12. Bg5 Rxe1+ 13. Nxe1 Nbd7 14. Nf3 h6 15.
Be3 g6 16. Qe2 Bg7 17. a4 a5 18. Re1 Nf8 19. Bc1 Qd7 20. Bb5 c6 21. Bd3 Re8 22.
Qd1 Rxe1+ 23. Qxe1 Ne6 24. Qd1 d5 25. Ne2 Qd6 26. Ng3 Nd7 27. c3 c5 28. Be3 cxd4
29. Nxd4 Nxd4 30. Bxd4 Bxd4 31. cxd4 Nf8 32. Qd2 Kg7 33. Ne2 Ne6 34. Bb5 Nc7 35.
Nc3 Bc8 36. Qe3 Bf5 37. Be2 Bc2 38. Bd1 Bxd1 39. Nxd1 Qe6 40. Qxe6 fxe6 41. Nc3
Kf6 42. Kf1 e5 43. dxe5+ Kxe5 44. Ke2 d4 45. Nb1 Ne6 46. Nd2 Kd5 47. g3 g5 48.
b3 Nc5 49. f4 gxf4 50. gxf4 Ke6 51. Kf2 Kf5 52. Kf3 h5 53. h4 d3 54. Nf1 Nxb3
55. Ne3+ Ke6 56. Ke4 Nc5+ 57. Kd4 d2 58. Kc3 Nxa4+ 59. Kxd2 b5 60. Kd3 Nc5+ 61.
Kd4 Nb3+ 62. Kc3 a4 63. Kb4 Nd4 64. Kc5 Nf5 65. Nc2 Nxh4 66. Kxb5 Nf5 67. Kxa4
h4 68. Ne1 h3 69. Nf3 Kd5 70. Kb4 Nd4 71. Nh2 Ke4 72. Kc3 Nf5 73. Kd2 Kxf4 74.
Ke2 Kg3 75. Nf1+ Kg2 76. Ke1 Nd4 77. Ne3+ Kf3 78. Nd1 Nc2+ 79. Kf1 Ne3+ 0-1

[Event "World Rapid 2019"]
[Site "Moscow RUS"]
[Date "2019.12.28"]
[Round "13.63"]
[White "Bosiocic, Marin"]
[Black "Zarnicki, Pablo"]
[Result "1-0"]
[WhiteTitle "GM"]
[BlackTitle "GM"]
[WhiteElo "2623"]
[BlackElo "2514"]
[WhiteFideId "14507927"]
[BlackFideId "100137"]
[EventDate "2019.12.26"]

1. e4 e5 2. Nf3 Nf6 3. Nxe5 d6 4. Nf3 Nxe4 5. d4 d5 6. Bd3 Nc6 7. O-O Be7 8. Nc3
Bf5 9. Re1 Nxc3 10. bxc3 Bxd3 11. Qxd3 O-O 12. Rb1 b6 13. c4 Bf6 14. Ba3 dxc4
15. Qe4 Nxd4 16. Bxf8 Nxf3+ 17. Qxf3 Qxf8 18. Qc6 c3 19. Qxc7 g6 20. Rbd1 Kg7
21. g3 Qa3 22. Qc4 b5 23. Qb3 Qxb3 24. axb3 a5 25. Rd5 b4 26. Ra1 Bd8 27. Rb5
Rc8 28. Rd1 Kf8 29. Rd7 Ke8 30. Rdb7 Rc6 31. Rb8 Ke7 32. R5b7+ Bc7 33. Ra8 Kd6
34. Raa7 h5 35. h4 Rc5 36. Kf1 Kd7 37. Rb8 Kc6 38. Ra6+ Kd7 39. Rf8 Rf5 40. Ke2
Ke7 41. Rfa8 Re5+ 42. Kd3 Rd5+ 43. Kc4 Rd2 44. R8a7 Kd8 45. Rc6 Bb8 46. Rxf7
Rxc2 47. Rxg6 Re2 48. Rg8+ Re8 49. Rxe8+ Kxe8 50. Rf3 c2 51. Re3+ Kd7 52. Re1
Ba7 53. Rc1 Bxf2 54. Rxc2 Bxg3 55. Ra2 Bxh4 56. Rxa5 Be7 57. Rxh5 Bf8 58. Kb5 1-0

[Event "World Rapid 2019"]
[Site "Moscow RUS"]
[Date "2019.12.28"]
[Round "13.64"]
[White "Tran, Tuan Minh"]
[Black "Savchenko, Boris"]
[Result "0-1"]
[WhiteTitle "GM"]
[BlackTitle "GM"]
[WhiteElo "2529"]
[BlackElo "2577"]
[WhiteFideId "12401820"]
[BlackFideId "4147332"]
[EventDate "2019.12.26"]

1. d4 e6 2. c4 d5 3. Nc3 Nf6 4. cxd5 exd5 5. Bg5 c6 6. e3 Bd6 7. Bd3 O-O 8. Nge2
Re8 9. Qc2 h6 10. Bh4 Bg4 11. O-O Bxe2 12. Qxe2 Nbd7 13. Rad1 Qc7 14. Bg3 Bxg3
15. hxg3 h5 16. Qf3 g6 17. Rc1 Qa5 18. Rc2 Kg7 19. Qf4 a6 20. b4 Qd8 21. a4 a5
22. Rb1 axb4 23. Rxb4 Ra7 24. Rcb2 Qa8 25. Bc2 Nf8 26. Ne2 Ne6 27. Qd6 Ng5 28.
Rb6 Nge4 29. Qc7 Rc8 30. Qe7 Re8 31. Qa3 Nxf2 32. Kxf2 Ng4+ 33. Ke1 Rxe3 34. Qd6
Qe8 35. Bd1 Rd3 36. Qf4 Ne3 37. Qe5+ Qxe5 38. dxe5 Rxd1+ 39. Kf2 Ng4+ 40. Kf3
Rf1# 0-1

[Event "World Rapid 2019"]
[Site "Moscow RUS"]
[Date "2019.12.28"]
[Round "13.65"]
[White "Donchenko, Alexander"]
[Black "Yanchenko, Roman"]
[Result "0-1"]
[WhiteTitle "GM"]
[BlackTitle "FM"]
[WhiteElo "2644"]
[BlackElo "2463"]
[WhiteFideId "24603295"]
[BlackFideId "4137329"]
[EventDate "2019.12.26"]

1. e4 e6 2. d4 d5 3. Nc3 Bb4 4. e5 Ne7 5. a3 Bxc3+ 6. bxc3 b6 7. Qg4 Kf8 8. h4
h5 9. Qf4 Ba6 10. Bd3 c5 11. dxc5 bxc5 12. Nf3 Bxd3 13. cxd3 Kg8 14. O-O Nbc6
15. Rb1 Ng6 16. Qg3 Qa5 17. Bd2 Qa4 18. Rfe1 Nge7 19. Qf4 Qxf4 20. Bxf4 Kh7 21.
Rb5 c4 22. dxc4 Rhc8 23. Bg5 Rc7 24. cxd5 Nxd5 25. c4 Nb6 26. Be3 Nd7 27. Bd2 a6
28. Rb3 Rac8 29. Ng5+ Kg8 30. Rg3 Nd4 31. Ne4 Nf5 32. Rg5 g6 33. Nd6 Nxd6 34.
exd6 Rxc4 35. g3 Rd4 36. Bb4 e5 37. g4 hxg4 38. h5 Kg7 39. hxg6 f6 40. Rh5 Kxg6
41. Rh1 Rd5 42. Kg2 a5 43. Rh4 axb4 44. Rxg4+ Kf5 45. Rxb4 Rxd6 46. Re3 Rg8+ 47.
Kf1 Nc5 48. Rf3+ Ke6 49. Rc4 Nd3 50. Re3 Kf5 51. a4 Nf4 52. Rc1 Rh8 53. Kg1 Rd7
54. Ra1 Rg7+ 0-1

[Event "World Rapid 2019"]
[Site "Moscow RUS"]
[Date "2019.12.28"]
[Round "13.66"]
[White "Faizrakhmanov, Ramil"]
[Black "Nozdrachev, Vladislav"]
[Result "0-1"]
[WhiteTitle "IM"]
[BlackTitle "IM"]
[WhiteElo "2434"]
[BlackElo "2494"]
[WhiteFideId "24103209"]
[BlackFideId "24113441"]
[EventDate "2019.12.26"]

1. d4 Nf6 2. c4 e6 3. Nf3 b6 4. g3 Ba6 5. b3 d5 6. cxd5 exd5 7. Bg2 Bd6 8. O-O
O-O 9. Nc3 Nbd7 10. Bb2 Re8 11. Qc2 c6 12. Rfd1 Rc8 13. Nh4 Bf8 14. e3 g6 15.
Rac1 Bg7 16. Nf3 Ne4 17. Nxe4 dxe4 18. Ne1 Nf6 19. b4 Qe7 20. Qa4 Be2 21. Rd2 b5
22. Qa5 Bc4 23. Rdc2 Nd5 24. Rxc4 bxc4 25. Rxc4 Qe6 26. Rc1 Bf8 27. a3 Rb8 28.
Bf1 Be7 29. Qa6 Nb6 30. Ng2 Qa2 31. Ba1 Nd5 32. Nf4 Nxf4 33. gxf4 Bh4 34. Be2
Rb6 35. Qc4 Qxa3 36. Rb1 a5 37. Bc3 axb4 38. Rxb4 Rxb4 39. Bxb4 Qa4 40. Qc3 Rb8
41. Bd6 Qa2 42. Bxb8 Qxe2 43. Kg2 Qf3+ 0-1

[Event "World Rapid 2019"]
[Site "Moscow RUS"]
[Date "2019.12.28"]
[Round "13.67"]
[White "Piorun, Kacper"]
[Black "Christiansen, Johan-Sebastian"]
[Result "1/2-1/2"]
[WhiteTitle "GM"]
[BlackTitle "GM"]
[WhiteElo "2611"]
[BlackElo "2597"]
[WhiteFideId "1130420"]
[BlackFideId "1512668"]
[EventDate "2019.12.26"]

1. d4 d5 2. c4 dxc4 3. e4 e5 4. Nf3 exd4 5. Bxc4 Nc6 6. O-O Be6 7. Bxe6 fxe6 8.
Qb3 Qd7 9. Qxb7 Rb8 10. Qa6 Nge7 11. a3 Ng6 12. Nbd2 Bd6 13. Nc4 O-O 14. Ne1
Nce5 15. Nxd6 Rb6 16. Qe2 Rxd6 17. Nd3 Qb5 18. Rd1 c5 19. a4 Qa6 20. b3 Rb8 21.
Qc2 Nxd3 22. Rxd3 Rdb6 23. Rd1 Rc8 24. Bd2 c4 25. bxc4 Rxc4 26. Qa2 d3 27. Be3
Rd6 28. Qb3 Rd8 29. Qb5 Qc8 30. Bxa7 Nf4 31. Qa5 Ne2+ 32. Kf1 Nc3 33. Be3 Nxd1
34. Rxd1 Rxe4 35. Rc1 d2 36. Qxd2 Qa6+ 37. Qe2 Qxa4 38. h3 h6 39. Kg1 Rb4 40.
Bxh6 Qd7 41. Bg5 Rc8 42. Rd1 Qf7 43. Re1 Rb6 44. Be3 Rbc6 45. Qg4 Qf5 46. Qg3 e5
47. Bg5 Re8 48. h4 Kh7 49. Qe3 Rc4 50. Qe2 Rg4 51. g3 Kh8 52. Kg2 Rc8 53. Rd1
Re4 54. Qf1 Rc2 55. Kg1 Ree2 56. Be3 Qe4 57. Rd8+ Kh7 58. Qd1 Rb2 59. Rc8 Qf3
60. Rc3 Qf5 61. Qf1 Qe4 62. Qg2 Qf5 63. g4 Qb1+ 64. Kh2 Rb4 65. Qf3 Re1 66. Rc1
Rxc1 67. Bxc1 Qg6 68. Kh3 e4 69. Qg3 Rb1 70. Qf4 Qc6 71. Be3 Kg8 72. h5 Qc4 73.
Qe5 Qf1+ 74. Kh4 Qc4 75. Qe8+ Kh7 76. Qg6+ Kg8 77. Qe8+ Kh7 78. Qg6+ Kg8 79.
Qe8+ Kh7 80. Qg6+ 1/2-1/2

[Event "World Rapid 2019"]
[Site "Moscow RUS"]
[Date "2019.12.28"]
[Round "13.68"]
[White "Baron, Tal"]
[Black "Rychagov, Andrey"]
[Result "1-0"]
[WhiteTitle "GM"]
[BlackTitle "GM"]
[WhiteElo "2541"]
[BlackElo "2545"]
[WhiteFideId "2809958"]
[BlackFideId "4119932"]
[EventDate "2019.12.26"]

1. Nf3 d5 2. d4 Nf6 3. Bf4 c5 4. e3 Nc6 5. Nbd2 cxd4 6. exd4 Bg4 7. c3 a6 8. Qb3
Na5 9. Qc2 e6 10. Ne5 Bf5 11. Bd3 Bxd3 12. Qxd3 Be7 13. h4 O-O 14. g4 Nc6 15.
O-O-O Nxe5 16. dxe5 Nd7 17. Kb1 Qa5 18. Nf3 Nc5 19. Qc2 Qa4 20. Bg5 Qxc2+ 21.
Kxc2 Rfe8 22. Bxe7 Rxe7 23. Nd4 Rc8 24. h5 h6 25. Kd2 Na4 26. Rb1 b5 27. Rh3
Rec7 28. f4 b4 29. cxb4 Rc4 30. Ne2 Rc2+ 31. Ke1 R8c4 32. Kf1 Re4 33. b3 Rcxe2
34. bxa4 Rxa2 35. b5 Rxf4+ 36. Kg1 Rxg4+ 37. Kh1 axb5 38. axb5 Ra7 39. b6 Rb7
40. Ra3 Kh7 41. Ra7 Rxa7 42. bxa7 Ra4 43. Rb7 d4 44. Kg2 d3 45. Kf3 Ra5 46. Rxf7
d2 47. Ke2 Rxe5+ 48. Kxd2 Ra5 49. Kc3 e5 50. Kd3 Ra4 51. Rb7 Rd4+ 52. Ke3 Ra4
53. Rc7 Ra1 54. Rd7 Ra4 55. Rb7 Ra1 56. Ke4 Ra5 57. Re7 Ra1 58. Kxe5 Ra6 1-0

[Event "World Rapid 2019"]
[Site "Moscow RUS"]
[Date "2019.12.28"]
[Round "13.69"]
[White "Frolyanov, Dmitry"]
[Black "Harsha, Bharathakoti"]
[Result "1/2-1/2"]
[WhiteTitle "GM"]
[BlackTitle "GM"]
[WhiteElo "2556"]
[BlackElo "2523"]
[WhiteFideId "4151976"]
[BlackFideId "5078776"]
[EventDate "2019.12.26"]

1. e4 c5 2. Nf3 Nc6 3. Nc3 d6 4. d4 cxd4 5. Nxd4 Nf6 6. Bg5 e6 7. Qd2 a6 8.
O-O-O Bd7 9. f4 b5 10. Bxf6 gxf6 11. Nxc6 Bxc6 12. f5 h5 13. Qe1 Bh6+ 14. Kb1
Bf4 15. fxe6 fxe6 16. g3 Be5 17. Bh3 Ke7 18. Qe3 Qa5 19. Ne2 Qb4 20. Nd4 Bxd4
21. Rxd4 Qc5 22. Rf1 h4 23. gxh4 Rxh4 24. Qf2 Rh6 25. e5 Qxe5 26. Re1 Qxe1+ 27.
Qxe1 Rxh3 28. Qg1 Rh7 29. Rg4 e5 30. h4 Ke6 31. b3 Bf3 32. Rg3 Be4 33. Rg4 Bf5
34. Rg8 Rxg8 35. Qxg8+ Ke7 36. h5 Rxh5 37. Qg7+ Ke6 38. Qg8+ Ke7 39. Qg7+ Ke6
40. Qg8+ Ke7 41. Qg7+ 1/2-1/2

[Event "World Rapid 2019"]
[Site "Moscow RUS"]
[Date "2019.12.28"]
[Round "13.70"]
[White "Tsvetkov, Andrey"]
[Black "Narayanan, Srinath"]
[Result "0-1"]
[WhiteTitle "FM"]
[BlackTitle "GM"]
[WhiteElo "2350"]
[BlackElo "2529"]
[WhiteFideId "34139360"]
[BlackFideId "5018420"]
[EventDate "2019.12.26"]

1. d4 Nf6 2. c4 e6 3. Nc3 Bb4 4. f3 d5 5. a3 Bxc3+ 6. bxc3 c5 7. cxd5 Nxd5 8.
dxc5 Qa5 9. e4 Ne7 10. Be3 O-O 11. Kf2 Nd7 12. Qb3 Qc7 13. Qb4 Nc6 14. Qb2 Nce5
15. Qb4 f5 16. exf5 Rxf5 17. Rd1 Nf6 18. h3 Nd5 19. Qd4 Qa5 20. Ne2 Nc6 21. Qd2
Nxe3 22. Qxe3 Re5 23. Qf4 Qxc5+ 24. Kg3 g5 25. Qg4 Ne7 26. Kh2 Nd5 27. Ng3 Qc7
28. Bd3 Nf4 29. Rhe1 h5 30. Nxh5 Nxh5 31. Kh1 Nf6 32. Qd4 Rxe1+ 33. Rxe1 Kf7 34.
Re5 Bd7 35. Rxg5 Rg8 36. Rxg8 Nxg8 37. Qh8 Nf6 38. Qh6 Qxc3 39. Qg6+ Ke7 40.
Qg7+ Kd6 41. Qg3+ Qe5 42. Qg7 Nd5 43. Qf8+ Kc6 44. Be4 Qd6 45. Qh6 Kc7 46. h4
Nf4 47. Qf6 Ne2 48. Bc2 Qc5 49. Qa1 Qxc2 50. h5 Qc5 51. g4 Qe3 52. Kg2 Nd4 0-1

[Event "World Rapid 2019"]
[Site "Moscow RUS"]
[Date "2019.12.28"]
[Round "13.71"]
[White "Makarian, Rudik"]
[Black "Can, Emre"]
[Result "0-1"]
[WhiteTitle "IM"]
[BlackTitle "GM"]
[WhiteElo "2397"]
[BlackElo "2600"]
[WhiteFideId "44105681"]
[BlackFideId "6302181"]
[EventDate "2019.12.26"]

1. Nf3 g6 2. c4 Bg7 3. Nc3 c5 4. g3 Nc6 5. Bg2 e5 6. O-O Nge7 7. a3 a5 8. Ne1 d6
9. Nc2 h5 10. Ne3 h4 11. d3 hxg3 12. hxg3 Nd4 13. Ned5 Nxd5 14. Nxd5 Bg4 15. f3
Be6 16. e4 Bxd5 17. cxd5 a4 18. Be3 Bh6 19. f4 Nb3 20. Rb1 exf4 21. gxf4 Bg7 22.
Qg4 Bd4 23. Rbe1 Qd7 24. Qxd7+ Kxd7 25. Kf2 Bxb2 26. f5 Bxa3 27. fxg6 fxg6 28.
Kg3 Raf8 29. Rxf8 Rxf8 30. e5 dxe5 31. Rh1 Rf7 32. Rh8 Nd4 33. Bxd4 cxd4 34.
Bh3+ Ke7 35. Ra8 b5 36. Be6 Rf6 37. Rb8 Rxe6 38. Rb7+ Kf6 39. dxe6 Kxe6 40. Rxb5
Bd6 41. Kf3 Kf5 42. Rb6 Be7 43. Rb7 Ke6 44. Ke4 a3 45. Rb6+ Bd6 46. Ra6 g5 47.
Rb6 g4 48. Rb5 g3 49. Kf3 Kd7 50. Kxg3 Kc6 51. Ra5 Kb6 52. Ra8 e4+ 53. Kf2 exd3
54. Ke1 Bb4+ 55. Kd1 Kb5 56. Kc1 Kc4 57. Kb1 Kb3 58. Kc1 a2 59. Ra7 Ba3+ 60. Kd2
a1=Q 61. Rb7+ Bb4+ 0-1

[Event "World Rapid 2019"]
[Site "Moscow RUS"]
[Date "2019.12.28"]
[Round "13.73"]
[White "Guliyev, Namig"]
[Black "Atabayev, Saparmyrat"]
[Result "1-0"]
[WhiteTitle "GM"]
[BlackTitle "IM"]
[WhiteElo "2548"]
[BlackElo "2425"]
[WhiteFideId "13400363"]
[BlackFideId "14000571"]
[EventDate "2019.12.26"]

1. e4 c5 2. Nf3 e6 3. d4 cxd4 4. Nxd4 a6 5. Bd3 Qc7 6. O-O Nf6 7. Qe2 d6 8. c4
Nbd7 9. Nc3 Ne5 10. Bg5 Be7 11. Kh1 h6 12. Bd2 Nxd3 13. Qxd3 b6 14. f4 Nd7 15.
Rae1 Bb7 16. b3 O-O-O 17. b4 Kb8 18. Rc1 Nf6 19. Nd5 exd5 20. cxd5 Qd7 21. Nc6+
Ka8 22. b5 Rc8 23. Be3 Bxc6 24. bxc6 Qa7 25. Rb1 Bd8 26. e5 Ne8 27. a4 a5 28.
Rb5 Rb8 29. Rfb1 Qa6 30. Qf5 Nc7 31. Rxb6 Rxb6 32. Rxb6 Qf1+ 33. Bg1 Bh4 34.
exd6 g6 35. Qe5 f6 36. Qd4 Na6 37. Rb8+ 1-0

[Event "World Rapid 2019"]
[Site "Moscow RUS"]
[Date "2019.12.28"]
[Round "13.74"]
[White "Afanasiev, Nikita"]
[Black "Grigoriants, Sergey"]
[Result "0-1"]
[WhiteTitle "IM"]
[BlackTitle "GM"]
[WhiteElo "2517"]
[BlackElo "2542"]
[WhiteFideId "24183555"]
[BlackFideId "4130804"]
[EventDate "2019.12.26"]

1. Nf3 d5 2. e3 Nf6 3. c4 e6 4. b3 c5 5. cxd5 exd5 6. Bb5+ Nc6 7. Ne5 Qc7 8. Bb2
Be7 9. O-O O-O 10. Nxc6 bxc6 11. Be2 Be6 12. Bf3 Nd7 13. d4 cxd4 14. exd4 Bd6
15. h3 Rfe8 16. Nc3 Nf6 17. Na4 Ne4 18. Rc1 Bh2+ 19. Kh1 Bf4 20. Rc2 Qe7 21. Bc1
Bb8 22. Bg4 f5 23. Bf3 Bd7 24. Nc5 Bc8 25. Nd3 Bd7 26. Bf4 Bxf4 27. Nxf4 Qf6 28.
Be2 Re7 29. Nh5 Qh4 30. Kh2 f4 31. Bg4 Rf8 32. f3 Bxg4 33. fxg4 g6 0-1

[Event "World Rapid 2019"]
[Site "Moscow RUS"]
[Date "2019.12.28"]
[Round "13.75"]
[White "Romanov, Evgeny"]
[Black "Kim, Alexey"]
[Result "1-0"]
[WhiteTitle "GM"]
[BlackTitle "GM"]
[WhiteElo "2604"]
[BlackElo "2464"]
[WhiteFideId "4148843"]
[BlackFideId "4129776"]
[EventDate "2019.12.26"]

1. c4 e6 2. g3 d5 3. Bg2 Nf6 4. Nf3 Be7 5. O-O O-O 6. b3 c5 7. e3 Nc6 8. Bb2 a6
9. Qe2 b5 10. cxd5 exd5 11. d4 c4 12. Ne5 Bb7 13. bxc4 bxc4 14. Nc3 Qa5 15. Rab1
Rab8 16. g4 Bb4 17. g5 Nxe5 18. gxf6 Bxc3 19. dxe5 g6 20. Qg4 Rfe8 21. Qf4 Kh8
22. Bxc3 Qxc3 23. Bxd5 g5 24. Qxc4 Qxc4 25. Bxc4 Kg8 26. f4 gxf4 27. exf4 Be4
28. Rxb8 Rxb8 29. Kf2 Rb4 30. Rd1 1-0

[Event "World Rapid 2019"]
[Site "Moscow RUS"]
[Date "2019.12.28"]
[Round "13.76"]
[White "Dragnev, Valentin"]
[Black "Sychev, Klementy"]
[Result "1/2-1/2"]
[WhiteTitle "GM"]
[BlackTitle "GM"]
[WhiteElo "2553"]
[BlackElo "2563"]
[WhiteFideId "1634852"]
[BlackFideId "4114060"]
[EventDate "2019.12.26"]

1. c4 Na6 2. d4 e5 3. dxe5 d6 4. Bf4 Bg4 5. exd6 Qf6 6. Qd2 Bxd6 7. Bxd6 O-O-O
8. Nc3 Qxd6 9. O-O-O Qxd2+ 10. Rxd2 Nf6 11. f3 Be6 12. e4 Rxd2 13. Kxd2 Rd8+ 14.
Kc1 Nd7 15. Nd5 Ne5 16. b3 Nc5 17. Nf4 g5 18. Nxe6 Nxe6 19. Nh3 h5 20. Be2 c5
21. Nxg5 Nf4 22. Bf1 f6 23. Nh3 Nxh3 24. gxh3 Nxf3 25. Be2 Ng5 26. Bxh5 Nxe4 27.
Rd1 Rh8 28. Bg4+ Kb8 29. Rd7 Nf2 30. Bf3 Rxh3 31. Rxb7+ Kc8 32. Bd5 Rxh2 33.
Rxa7 Nd3+ 34. Kd1 Nb4 35. Ra5 Nxd5 36. cxd5 Kd7 37. Ra6 f5 38. a4 f4 39. Rf6 Rb2
40. a5 Ra2 41. a6 f3 42. a7 f2 43. Rxf2 Ra1+ 44. Kc2 Kd6 45. Rf7 Kxd5 46. Kb2
Ra6 47. Kc3 Ra2 48. Kd3 Kc6 49. Kc4 Rc2+ 50. Kd3 Ra2 51. Ke4 Re2+ 52. Kf5 Rf2+
53. Ke6 Re2+ 54. Kf6 Rf2+ 55. Kg6 Rg2+ 56. Kf5 Rf2+ 57. Ke4 Re2+ 58. Kd3 Ra2 59.
Rh7 Kb6 60. Kc4 Rc2+ 61. Kd5 Rd2+ 62. Ke6 Ra2 63. Kd6 Rd2+ 64. Ke5 Ra2 65. Kd5
Rd2+ 66. Ke4 Ra2 67. Kd5 Rd2+ 68. Kc4 Rc2+ 69. Kd5 Rd2+ 70. Ke5 Ra2 71. Kd6 Rd2+
72. Ke6 Ra2 73. Kd5 Rd2+ 74. Kc4 Rc2+ 75. Kd3 Ra2 76. Rh6+ Kxa7 77. Rc6 Kb7 78.
Rxc5 Rh2 79. Kc4 Kb6 80. Rb5+ Ka6 81. Rd5 Kb6 82. Rd6+ Kc7 83. Rg6 Rh5 84. b4
Kb7 85. b5 Rh1 86. Rg7+ Kb6 87. Rg6+ Kb7 88. Rg7+ Kb6 1/2-1/2

[Event "World Rapid 2019"]
[Site "Moscow RUS"]
[Date "2019.12.28"]
[Round "13.77"]
[White "Tari, Aryan"]
[Black "Potapov, Pavel"]
[Result "0-1"]
[WhiteTitle "GM"]
[BlackTitle "GM"]
[WhiteElo "2634"]
[BlackElo "2482"]
[WhiteFideId "1510045"]
[BlackFideId "4169786"]
[EventDate "2019.12.26"]

1. e4 c5 2. Nf3 Nc6 3. Bb5 g6 4. Bxc6 dxc6 5. d3 Bg7 6. h3 e5 7. O-O Qe7 8. a4
Nf6 9. a5 Nd7 10. Nbd2 Nf8 11. Nc4 f6 12. Be3 Ne6 13. Qd2 Nd4 14. Nxd4 cxd4 15.
Bh6 Bxh6 16. Qxh6 Be6 17. b3 g5 18. h4 Rg8 19. hxg5 Rxg5 20. f4 Rg6 21. Qh4 Qg7
22. fxe5 fxe5 23. Qh5 O-O-O 24. Rf2 Rg8 25. Qe2 Bh3 26. Qf3 Bxg2 27. Qf5+ Kd8
28. Nxe5 Bxe4+ 0-1